000 01194nam a2200265Ia 4500
001 270.8-CRO aq tr (2682)
003 IT-MiSPE
008 171229s9999||||xx |||||||||||||| ||und||
040 _aIT-MiSPE
_cIT-MiSPE
041 _aITALIANO
100 _aCromazio di Aquileia
_gsanto
240 _aTractatus XVII in Evangelium Matthei
245 0 _aCommento al Vangelo di Matteo
_bI. Trattati 1-37
250 _a1a ed. (v)
260 _aRoma
_bCittà Nuova
_c1984
300 _a324 p. [2 v.]
_c20 cm
490 _a Testi patristici
_v46
500 _aBibbia. NT. Vangelo secondo Matteo - Commenti
501 _aEdizioni San Paolo srl - Piazza Soncino, 5 - 20092 CINISELLO BALSAMO (MI) (non commercial uses only) ® Copyright 2018
520 _aGiuliano Trettel (intr., note)
700 _aGiuliano Trettel
_g(traduzione)
942 _cBK
957 _71
999 _a14609
_bNO
_g Copie: 1
_c346420
_d346420